Emoções e sentimentos ilustrados (Registo nº 35433)

Detalhes MARC
000 -Etiqueta do registo
Valores 01098nam a2200277 4500
010 ## - Número ISBN
ISBN 9789720140708
021 ## - Número do Depósito Legal
Código do país Portugal
Número 293364/09
100 ## - Dados gerais de processamento
Dados gerais 20091020d2009 mbcy0pory5003 ba
101 0# - Língua de publicação
Língua Português
102 ## - País de publicação
País Portugal
200 1# - Titulo e menção de responsabilidade
Título próprio Emoções e sentimentos ilustrados
Informação de outro título para trabalhar com criaças entre os 4 e os 10 anos
Primeira menção de responsabilidade Paulo Moreira
Outras menções de responsabilidade il. Zapruder
205 ## - Menção da edição
Edição 1ª. ed.
210 ## - Publicação
Local de publicação Porto
Nome do editor Porto Editora
Data de publicação 2009
215 ## - Descrição física 
Paginação / Volumes 304 p
Outras indicações físicas muito il
Dimensões 25 cm
225 2# - Colecção 
Título próprio da colecção Crescer a brincar
330 ## - Sumário ou Resumo
Texto da nota Para ajudar pais e professores a promoverem nas crian—cas a compreensão das experiências emocionais. Inclui: - defini—cões de emo—cões e sentimentos; - mapas de emo—cões e de sentimentos, para diferencia—cão emocional; - exemplos de situa—cões para cada emo—cão; - tabelas Como me sinto hoje?, para treino diário.
606 ## - Nome comum usado como assunto
ID Autoridade 105
Palavra de ordem Educação
606 ## - Nome comum usado como assunto
ID Autoridade 3051
Palavra de ordem Emoções
Subdivisão assunto Sentimentos
675 ## - CDU
Notação 159.9
Língua por
700 ## - Autor principal
Apelido Moreira
Nome Paulo
ID Autoridade 5990
Função Autor
702 #1 - Autor secundário
Apelido Zapruder
Função Ilustrador
801 #0 - Fonte de origem
País PT
Agência GCEAMD
Regras de catalogação RPC
090 ## - Tipo de documento
Koha biblioitem number (autogenerated) 35433
990 ## - Elementos KOHA
Tipo de documento Livro
994 ## - Estado da catalogação
Situação Completo
Exemplares
Situação do levantamento Situação do extravio Biblioteca de origem Biblioteca de empréstimo Código de barras Cota Permissão de empréstimo Tipo de documento Forma de aquisição
  Completo Biblioteca Municipal de Viana Do Alentejo Biblioteca Municipal de Viana Do Alentejo 0034185 159.9 MOR Disponível Livro  




Powered by Koha